Men and Their Dogs in Movies Quiz Stats

Quiz Updated Feb 27, 2016

Challenge
Share
Tweet
Score 0/24 Timer 07:00
4 Plays Today
% Correct
Harry Potter and the Sorcerer's Stone
89.9%
Marley & Me
88.1%
Rocky II
87.5%
The Nightmare Before Christmas
87.2%
One Hundred and One Dalmatians
85%
Anchorman: The Legend of Ron Burgundy
84.3%
I Am Legend
81.5%
Beethoven
78.8%
The Curse of the Were-Rabbit
74.3%
Gran Torino
70.8%
Mad Max 2: The Road Warrior
69.7%
Meet the Fockers
64.3%
% Correct
The Little Mermaid
62.2%
As Good as It Gets
53.8%
Click
53.6%
The Mask
51.5%
The Artist
44.9%
You've Got Mail
38.7%
Due Date
37%
Finding Neverland
34%
50/50
33.4%
John Wick
31.8%
Van Wilder
30.3%
What Dreams May Come
25.9%

You're not logged in!

Compare scores with friends on all Sporcle quizzes.
Join for Free
OR
Log In

You Might Also Like...

Show Comments

Extras

Top Quizzes Today


Score Distribution

Your Account Isn't Verified!

In order to create a playlist on Sporcle, you need to verify the email address you used during registration. Go to your Sporcle Settings to finish the process.

Report this User

Report this user for behavior that violates our Community Guidelines.

Details: